| 000 | 00867cam a22002174a 4500 | ||
|---|---|---|---|
| 005 | 20250605164107.0 | ||
| 008 | 250528s ||||||||||||||||||||||||d | ||
| 035 | _a17770 | ||
| 020 | _a9780470666029 | ||
| 040 |
_aGR-AtMCL _bgre _dGR-AtMCL _eAACR2 |
||
| 245 | 1 | _aVehicle Powertrain Systems | |
| 250 | _a1st | ||
| 260 |
_bWiley, _c2012 |
||
| 300 | _a542 | ||
| 520 | _aA thorough description and analysis of all the powertrain components. Preface, List of Abbreviations, Vehicle Powertrain Concepts, Power Generation Characteristics of Internal Combustion Engines, Vehicle Longitudinal Dynamics, Transmissions, Fuel Consumption, Driveline Dynamics, Hybrid Electric Vehicles, Appendix: An Introduction to Bond Graph Modelling, Index. | ||
| 700 | 1 |
_aCrolla David _94002 |
|
| 700 | 1 |
_aMashadi Behrooz _94003 |
|
| 942 | _cBK | ||
| 999 |
_c3170 _d3170 |
||